Digitální ekonomika žít nebo přežít

Guardado en:
Detalles Bibliográficos
Autor principal: Pilný, Ivan
Formato: Libro
Lenguaje:checo
Publicado: Brno BizBooks 2016
Materias:
Etiquetas: Agregar Etiqueta
Sin Etiquetas, Sea el primero en etiquetar este registro!

MARC

LEADER 00000nam a2200000 4500
001 0243878
005 20240313085704.6
020 |a 978-80-265-0481-8 
041 0 |a cze 
044 |a CZ 
245 1 0 |a Digitální ekonomika  |b žít nebo přežít  |c Ivan Pilný 
264 1 |a Brno  |b BizBooks  |c 2016 
300 |a 216 s. 
610 2 0 |a ekonomika nová 
610 2 0 |a digitalizácia 
610 2 0 |a technológie informačné 
610 2 0 |a internet 
610 2 0 |a siete sociálne 
610 2 0 |a vývoj vedeckotechnický 
610 2 0 |a spoločnosť informačná 
610 2 0 |a štýl životný 
610 2 0 |a prognózy 
610 2 0 |a inteligencia umelá 
610 2 0 |a vývoj 
610 2 0 |a dôsledky sociálne 
610 2 0 |a Európa 
610 2 0 |a Česko 
100 1 |a Pilný, Ivan